书目信息 |
| 题名: |
中国旅游景观赏析
|
|
| 作者: | 刘长凤 , 林占生 主编 | |
| 分册: | ||
| 出版信息: | 北京 化学工业出版社 2007 |
|
| 页数: | 207页 | |
| 开本: | 26cm | |
| 丛书名: | ||
| 单 册: | ||
| 中图分类: | F592.99 | |
| 科图分类: | ||
| 主题词: | 旅游区--景观--中国--高等教育--教材 | |
| 电子资源: | ||
| ISBN: | 978-7-5025-9918-8 | |
| 000 | 01033nam0 2200277 450 | |
| 001 | 012004122155 | |
| 005 | 20070720092009.95 | |
| 009 | 012004122155 | |
| 010 | @a978-7-5025-9918-8@dCNY26.00 | |
| 035 | @a(110019)012007005571 | |
| 100 | @a20070330d2007 em y0chiy0110 ea | |
| 101 | 0 | @achi |
| 102 | @aCN@b110000 | |
| 105 | @aa z 000yy | |
| 106 | @ar | |
| 200 | 1 | @a中国旅游景观赏析@Azhong guo lv you jing guan shang xi@f刘长凤,林占生主编@Fliu chang feng, lin zhan sheng zhu bian |
| 210 | @a北京@c化学工业出版社@d2007 | |
| 215 | @a207页@c图@d26cm | |
| 300 | @a高职高专“十一五”规划教材·旅游管理系列 | |
| 330 | @a本书分上下两篇,上篇为自然旅游景观,包括山地、特异地貌、水体、生物、大气和天象旅游景观;下篇为人文旅游景观,包括历史遗迹、建筑、园林、城镇村落、宗教文化、古墓葬、民俗文化旅游景观。 | |
| 606 | 0 | @a旅游区@x景观@y中国@x高等教育@j教材 |
| 690 | @aF592.99@v4 | |
| 701 | 0 | @a刘长凤@Aliu chang feng@4主编 |
| 701 | 0 | @a林占生@Alin zhan sheng@4主编 |
| 801 | 0 | @aCN@b110019@c20070720 |
| 905 | @dF592.99@e156@f5 | |
| 中国旅游景观赏析/刘长凤,林占生主编.-北京:化学工业出版社,2007 |
| 207页:图;26cm |
| 高职高专“十一五”规划教材·旅游管理系列 |
| ISBN 978-7-5025-9918-8:CNY26.00 |
| 本书分上下两篇,上篇为自然旅游景观,包括山地、特异地貌、水体、生物、大气和天象旅游景观;下篇为人文旅游景观,包括历史遗迹、建筑、园林、城镇村落、宗教文化、古墓葬、民俗文化旅游景观。 |
| ● |
| 相关链接 |
|
|
|
|
正题名:中国旅游景观赏析
索取号:F592.99/156
 
预约/预借
| 序号 | 登录号 | 条形码 | 馆藏地/架位号 | 状态 | 备注 |
| 1 | 0850227 | 208502271 | 第一样本阅览室/ [索取号:F592.99/156] | 在馆 | |
| 2 | 0850228 | 208502280 | 第一借阅区/ [索取号:F592.99/156] | 在馆 | |
| 3 | 0850229 | 208502299 | 第一借阅区/ [索取号:F592.99/156] | 在馆 | |
| 4 | 0850230 | 208502306 | 第一借阅区/ [索取号:F592.99/156] | 在馆 | |
| 5 | 0850231 | 208502315 | 第一借阅区/ [索取号:F592.99/156] | 在馆 |